LEADER 00755nam0-22002771i-450- 001 990001295650403321 035 $a000129565 035 $aFED01000129565 035 $a(Aleph)000129565FED01 035 $a000129565 100 $a--------d--------km-y0itay50------ba 101 0 $aeng 200 1 $aApplied boolean algebra$ean elementary introduction$fFranz E. Hohn 210 $aNew York$cMacmillan$dc1960 215 $a139 p. ill. 24 cm 225 1 $a<>Series of Mathematics Texts 610 0 $aAlgebra booleana 676 $a512 801 0$aIT$bUNINA$gRICA$2UNIMARC 901 $aBK 912 $a990001295650403321 952 $a10-D-8$b3557$fMA1 959 $aMA1 962 $a06EXX 996 $aApplied boolean algebra$9384100 997 $aUNINA LEADER 01652nam 2200385Ia 450 001 996387363803316 005 20221108043158.0 035 $a(CKB)1000000000630382 035 $a(EEBO)2248613403 035 $a(OCoLC)12367377 035 $a(EXLCZ)991000000000630382 100 $a19850809d1641 uy | 101 0 $aeng 135 $aurbn||||a|bb| 200 12$aA catalogue of such testimonies in all ages as plainly evidence bishops and presbyters to be both one, equall and the same ..$b[electronic resource] $ewith a briefe answer to the objections out of antiquity, that seeme to the contrary 210 $a[London $cs.n.]$d1641 215 $a[18], 23 p 300 $aAttributed to Prynne by C.A. Briggs; in a marginal note on p. [9], the author refers to his The unbishoping of Timothy and Titus. 300 $aPlace of publication from Wing. 300 $aThis seems to be a reissue of the 1637 ed. (STC 4788) with "The epistle to the reader" (p. [3]-[18]) added and the two final digits of the date erased from t.p. and "41" substituted in pen-and-ink. 300 $aErrata: p. [18]. 300 $aReproduction of original in Union Theological Seminary Library, New York. 300 $aMarginal notes. 330 $aeebo-0160 606 $aBishops$zEngland 615 0$aBishops 700 $aPrynne$b William$f1600-1669.$0198500 801 0$bEAA 801 1$bEAA 801 2$bm/c 801 2$bWaOLN 906 $aBOOK 912 $a996387363803316 996 $aA catalogue of such testimonies in all ages as plainly evidence bishops and presbyters to be both one, equall and the same .$92350159 997 $aUNISA